[Event "WYCC 2018 O14"]
[Site "Halkidiki"]
[Date "2018.10.20"]
[Round "1"]
[White "Gonzalez Cobos, Arnau"]
[Black "Subelj, Jan"]
[Result "0-1"]
[WhiteElo "1841"]
[BlackElo "2281"]
[Annotator "NA"]
[PlyCount "46"]
[EventDate "2018.10.20"]
[EventType "swiss"]
[EventCountry "GRE"]
[SourceTitle "playchess.com"]
[Source "ChessBase"]
[SourceQuality "1"]
[TimeControl "40/5400+30:1800+30"]

1. e4 {[%emt 0:00:00]} e5 {[%emt 0:00:00]} 2. Nf3 {[%emt 0:00:00]} Nc6 {[%emt 0:00:00]} 3. c3 {[%emt 0:00:00]} Nf6 {[%emt 0:00:10]} 4. d4 {[%emt 0:00:21]} exd4 {[%emt 0:00:44]} 5. e5 {[%emt 0:00:23]} Nd5 {[%emt 0:15:47]} 6. cxd4 Bb4+ {[%emt 0:00:41]} 7. Bd2 {[%emt 0:02:56]} Bxd2+ {[%emt 0:00:37]} 8. Qxd2 {[%emt 0:00:09]} O-O {[%emt 0:01:35]} 9. Be2 {[%emt 0:08:16]} d6 {[%emt 0:00:53]} 10. exd6 {[%emt 0:01:20]} Qxd6 {[%emt 0:04:34]} 11. Nc3 {[%emt 0:01:16]} Nf4 {[%emt 0:13:26]} 12. O-O {[%emt 0:00:44]} Bg4 {[%emt 0:04:05]} 13. Rad1 {[%emt 0:03:47]} Rfe8 {[%emt 0:06:07]} 14. Rfe1 {[%emt 0:04:00]} Bxf3 {[%emt 0:00:56]} 15. Bxf3 {[%emt 0:06:51]} Nxd4 {[%emt 0:01:23]} 16. Ne4 {[%emt 0:10:29]} Nxf3+ {[%emt 0:00:17]} 17. gxf3 {[%emt 0:00:02]} Rxe4 {[%emt 0:00:40]} 18. Qxd6 {[%emt 0:04:38]} Rxe1+ {[%emt 0:00:08]} 19. Rxe1 {[%emt 0:00:05]} cxd6 {[%emt 0:00:07]} 20. Re4 {[%emt 0:00:02]} Ne6 {[%emt 0:00:26]} 21. f4 {[%emt 0:00:25]} g6 {[%emt 0:00:14]} 22. Rc4 {[%emt 0:01:17]} d5 {[%emt 0:00:12]} 23. Rb4 {[%emt 0:01:15]} b6 {[%emt 0:00:08]} 0-1

[Event "WYCC 2018 O14"]
[Site "Halkidiki"]
[Date "2018.10.20"]
[Round "1"]
[White "Manucharyan, Gagik"]
[Black "Gombocz, Ferenc Jr."]
[Result "1-0"]
[WhiteElo "1827"]
[BlackElo "2271"]
[Annotator "NA"]
[PlyCount "103"]
[EventDate "2018.10.20"]
[EventType "swiss"]
[EventCountry "GRE"]
[SourceTitle "playchess.com"]
[Source "ChessBase"]
[SourceQuality "1"]
[TimeControl "40/5400+30:1800+30"]

1. d4 {[%emt 0:00:00] Schulz,André} d5 {[%emt 0:00:00]} 2. c4 {[%emt 0:00:00]} c6 {[%emt 0:00:00]} 3. Nc3 {[%emt 0:00:00]} Nf6 {[%emt 0:00:03]} 4. Nf3 {[%emt 0:00:14]} a6 {[%emt 0:00:13]} 5. e3 {[%emt 0:00:24]} Bf5 {[%emt 0:00:19]} 6. Bd3 {[%emt 0:00:32] D15: Slav Defence: 4 Nc3 a6 and gambit lines after 4 Nc3 dxc4} Bg6 {[%emt 0:00:14]} 7. Bxg6 {[%emt 0:00:16]} hxg6 {[%emt 0:00:11]} 8. Qd3 {[%emt 0:00:06]} e6 {[%emt 0:02:16]} 9. O-O {[%emt 0:00:12]} Bb4 {[%emt 0:01:06]} 10. Bd2 {[%emt 0:03:10]} O-O {[%emt 0:08:03]} 11. Rfd1 $146 {[%emt 0:03:52]} ({Predecessor:} 11. Nxd5 $5 cxd5 (11... Nxd5 12. cxd5 Bxd2 13. dxe6 Ba5 14. exf7+ Rxf7 {1-0 (57) Lysyj,I (2671)-Inarkiev,E (2660) Poikovsky 2015 CBM 169 [Schulz,André]}) 12. Bxb4 $16) 11... Ba5 {[%emt 0:04:37]} 12. a3 {[%emt 0:03:51]} Bxc3 {[%emt 0:03:50]} 13. Bxc3 {[%emt 0:00:39]} dxc4 {[%emt 0:00:52]} 14. Qxc4 {[%emt 0:00:12]} Qd5 {[%emt 0:01:16]} 15. Qd3 {[%emt 0:02:25]} Nbd7 {[%emt 0:04:44]} 16. Ne5 {[%emt 0:10:06]} Rfd8 {[%emt 0:10:25]} 17. Nxd7 {[%emt 0:03:44]} Rxd7 {[%emt 0:00:46]} 18. f3 {[%emt 0:21:58]} e5 {[%emt 0:09:10]} 19. e4 {[%emt 0:04:12]} Qb3 {[%emt 0:00:47]} 20. Qe3 $11 {[%emt 0:01:20]} Rad8 {[%emt 0:05:00]} 21. Rd2 {[%emt 0:01:41]} Ne8 {[%emt 0:19:14]} 22. Re1 {[%emt 0:11:08]} f6 {[%emt 0:15:11]} 23. dxe5 {[%emt 0:10:19]} Rxd2 {[%emt 0:01:34]} 24. Bxd2 {[%emt 0:00:03]} Qxb2 {[%emt 0:05:39]} 25. Ba5 {[%emt 0:01:54]} Rd7 {[%emt 0:01:41]} 26. exf6 {[%emt 0:07:17]} gxf6 {[%emt 0:00:54]} 27. Bb4 {[%emt 0:03:40]} Qd4 {[%emt 0:01:36]} 28. Qxd4 {[%emt 0:00:07]} Rxd4 {[%emt 0:00:06]} 29. e5 {[%emt 0:00:58]} f5 {[%emt 0:01:25]} 30. e6 {[%emt 0:02:07]} b6 {[%emt 0:00:20]} 31. Be7 {[%emt 0:00:25]} Rd5 {[%emt 0:01:30]} 32. Rb1 {[%emt 0:01:00]} Rb5 {[%emt 0:01:46]} 33. Rc1 {[%emt 0:00:26]} c5 {[%emt 0:01:08]} 34. a4 {[%emt 0:02:33]} Rb2 {[%emt 0:00:30]} 35. a5 {[%emt 0:00:46]} Nc7 {[%emt 0:00:33]} 36. Re1 {[%emt 0:02:51]} Rb5 {[%emt 0:00:29]} 37. Bd8 {[%emt 0:00:24]} Nxe6 38. Rxe6 {[%emt 0:00:06]} Rxa5 {[%emt 0:00:50]} 39. Rxb6 {[%emt 0:00:26]} Ra1+ {[%emt 0:00:19]} 40. Kf2 {[%emt 0:00:00]} Kh7 {[%emt 0:00:00]} 41. Bf6 {[%emt 0:00:31]} Ra2+ {[%emt 0:02:01]} 42. Rb2 {[%emt 0:00:02]} Ra4 {[%emt 0:01:04]} 43. h4 {[%emt 0:01:53]} Kg8 {[%emt 0:01:06]} 44. Rb7 {[%emt 0:00:06]} c4 {[%emt 0:00:50]} 45. Ke3 {[%emt 0:00:18]} c3 {[%emt 0:02:58]} 46. Rc7 {[%emt 0:03:50]} f4+ {[%emt 0:02:40]} 47. Kd3 {[%emt 0:00:35]} Ra2 {[%emt 0:01:26]} 48. Bxc3 {[%emt 0:00:08]} Rxg2 {[%emt 0:00:53]} 49. Ke4 {[%emt 0:00:03]} a5 {[%emt 0:02:48]} 50. Kxf4 {[%emt 0:00:24]} a4 {[%emt 0:00:20]} 51. Ra7 {[%emt 0:00:26]} Rh2 {[%emt 0:03:38]} 52. Kg5 {[%emt 0:02:15]} 1-0

[Event "WYCC 2018 O14"]
[Site "Halkidiki"]
[Date "2018.10.20"]
[Round "1"]
[White "Beukema, Constantijn"]
[Black "Boyer, Mahel"]
[Result "0-1"]
[WhiteElo "1820"]
[BlackElo "2227"]
[Annotator "NA"]
[PlyCount "106"]
[EventDate "2018.10.20"]
[EventType "swiss"]
[EventCountry "GRE"]
[SourceTitle "playchess.com"]
[Source "ChessBase"]
[SourceQuality "1"]
[TimeControl "40/5400+30:1800+30"]

1. e4 {[%emt 0:00:00]} e6 {[%emt 0:00:00]} 2. d4 {[%emt 0:00:03]} d5 {[%emt 0:00:00]} 3. Nd2 {[%emt 0:00:26]} c5 {[%emt 0:00:00]} 4. exd5 {[%emt 0:00:23]} exd5 {[%emt 0:00:00]} 5. Ngf3 {[%emt 0:00:28]} Nc6 {[%emt 0:00:00]} 6. Bb5 {[%emt 0:00:33]} Qe7+ {[%emt 0:00:00]} 7. Be2 {[%emt 0:00:19]} Qc7 {[%emt 0:00:00] C09: French Tarrasch: 3...c5 4 exd5 exd5 5 Ngf3 Nc6} 8. O-O {[%emt 0:00:43]} Nf6 {[%emt 0:00:00]} 9. Re1 {[%emt 0:00:50]} Be6 {[%emt 0:07:53]} 10. dxc5 {[%emt 0:06:18]} Bxc5 {[%emt 0:00:09]} 11. Nb3 {[%emt 0:00:11]} Bb6 {[%emt 0:00:59]} 12. c4 {[%emt 0:00:41]} dxc4 {[%emt 0:01:29]} 13. Bxc4 {[%emt 0:00:09]} O-O {[%emt 0:00:10]} 14. Bxe6 {[%emt 0:01:18]} fxe6 {[%emt 0:02:36] [#]} 15. Be3 $146 {[%emt 0:01:12]} e5 {[%emt 0:11:55]} 16. Qe2 {[%emt 0:02:11]} Rae8 {[%emt 0:10:50]} 17. Rad1 {[%emt 0:07:49]} Bxe3 {[%emt 0:24:53]} 18. Qxe3 {[%emt 0:00:23]} e4 {[%emt 0:02:11]} 19. Nfd4 {[%emt 0:00:46]} Ne5 {[%emt 0:05:28]} 20. Rc1 {[%emt 0:00:41]} Qb8 {[%emt 0:00:51]} 21. h3 {[%emt 0:03:53]} Nd3 {[%emt 0:01:06]} 22. Nc5 {[%emt 0:01:50]} Nxe1 {[%emt 0:00:39]} 23. Rxe1 {[%emt 0:00:34]} Qe5 {[%emt 0:04:16]} 24. Qb3+ {[%emt 0:01:05]} Qd5 {[%emt 0:00:04]} 25. Qxd5+ {[%emt 0:01:41]} Nxd5 {[%emt 0:00:01]} 26. Nce6 {[%emt 0:00:30]} Rf6 {[%emt 0:01:08]} 27. Rxe4 {[%emt 0:00:13]} Nc7 {[%emt 0:01:17]} 28. Nc5 {[%emt 0:03:05]} Rxe4 {[%emt 0:00:11]} 29. Nxe4 {[%emt 0:00:06]} Rb6 {[%emt 0:00:10]} 30. Nb3 {[%emt 0:01:10]} Nd5 {[%emt 0:00:53]} 31. f3 {[%emt 0:01:24]} Nb4 {[%emt 0:00:59]} 32. Nc1 {[%emt 0:01:31]} Rc6 {[%emt 0:01:54]} 33. Nc3 {[%emt 0:00:26]} Nd5 {[%emt 0:00:14]} 34. N1e2 {[%emt 0:00:42]} Nxc3 {[%emt 0:00:02]} 35. Nxc3 {[%emt 0:00:09]} Rb6 {[%emt 0:00:39]} 36. b3 {[%emt 0:00:10]} Rc6 {[%emt 0:00:05]} 37. Nb5 {[%emt 0:00:27]} Rc2 $19 {[%emt 0:00:51]} 38. a4 {[%emt 0:01:07]} Rb2 {[%emt 0:03:07]} 39. Nd4 {[%emt 0:00:15]} Rd2 {[%emt 0:00:16]} 40. Ne6 {[%emt 0:00:00]} b6 {[%emt 0:00:00]} 41. Nc7 {[%emt 0:00:43]} Rd3 {[%emt 0:00:52]} 42. b4 {[%emt 0:01:26]} Ra3 {[%emt 0:00:13]} 43. Kf2 {[%emt 0:00:24]} Rxa4 {[%emt 0:00:01]} 44. b5 {[%emt 0:00:16]} Rc4 {[%emt 0:00:16]} 45. Na6 {[%emt 0:00:07]} Rc2+ {[%emt 0:00:09]} 46. Kg3 {[%emt 0:00:08]} Rd2 {[%emt 0:00:18]} 47. Nb8 {[%emt 0:00:35]} Rb2 {[%emt 0:00:27]} 48. Nc6 {[%emt 0:00:07]} Rxb5 {[%emt 0:00:03]} 49. Nxa7 {[%emt 0:00:06]} Rc5 {[%emt 0:00:03]} 50. Kf4 {[%emt 0:00:14]} Kf7 {[%emt 0:00:04]} 51. Ke4 {[%emt 0:00:17]} Ke6 {[%emt 0:00:06]} 52. f4 {[%emt 0:01:01]} Kd7 {[%emt 0:00:26]} 53. g4 {[%emt 0:00:44]} Ra5 {[%emt 0:00:16]} 0-1

[Event "WYCC 2018 O14"]
[Site "Halkidiki"]
[Date "2018.10.20"]
[Round "1"]
[White "Radojicic, Aleksandar M"]
[Black "Turcan, Richard"]
[Result "1/2-1/2"]
[WhiteElo "1814"]
[BlackElo "2218"]
[Annotator "NA"]
[PlyCount "73"]
[EventDate "2018.10.20"]
[EventType "swiss"]
[EventCountry "GRE"]
[SourceTitle "playchess.com"]
[Source "ChessBase"]
[SourceQuality "1"]
[TimeControl "40/5400+30:1800+30"]

1. d4 {[%emt 0:00:00]} Nf6 {[%emt 0:00:00]} 2. Nf3 {[%emt 0:00:17]} g6 {[%emt 0:01:04]} 3. g3 {[%emt 0:00:43]} Bg7 {[%emt 0:00:17]} 4. Bg2 {[%emt 0:00:10]} O-O {[%emt 0:00:45]} 5. O-O {[%emt 0:01:08]} d5 {[%emt 0:05:45]} 6. c3 {[%emt 0:03:04]} b6 {[%emt 0:09:29]} 7. Bf4 {[%emt 0:09:57]} Bb7 {[%emt 0:02:11]} 8. Qc1 {[%emt 0:05:34]} Nbd7 {[%emt 0:12:05]} 9. Bh6 {[%emt 0:02:45]} c5 {[%emt 0:01:09]} 10. Bxg7 {[%emt 0:05:34]} Kxg7 {[%emt 0:00:02]} 11. Qf4 $11 {[%emt 0:13:18]} Rc8 {[%emt 0:06:36]} 12. Nbd2 {[%emt 0:05:59]} Qc7 {[%emt 0:07:55]} 13. Qxc7 {[%emt 0:19:10]} Rxc7 {[%emt 0:00:04]} 14. e3 {[%emt 0:00:45]} e6 {[%emt 0:03:38]} 15. Rfe1 {[%emt 0:04:31]} Rfc8 {[%emt 0:03:44]} 16. Bf1 {[%emt 0:02:12]} Kf8 {[%emt 0:12:16]} 17. Bd3 {[%emt 0:01:58]} Nb8 {[%emt 0:04:54]} 18. Ne5 {[%emt 0:04:02]} Ba6 {[%emt 0:01:49]} 19. Bxa6 {[%emt 0:01:11]} Nxa6 {[%emt 0:00:02]} 20. a4 {[%emt 0:03:04]} Nd7 {[%emt 0:03:42]} 21. Nxd7+ {[%emt 0:02:21]} Rxd7 {[%emt 0:00:03]} 22. f4 {[%emt 0:01:40]} Nb8 {[%emt 0:02:29]} 23. Kf2 {[%emt 0:01:21]} Nc6 {[%emt 0:01:40]} 24. g4 {[%emt 0:01:43]} Rb7 {[%emt 0:01:35]} 25. Rec1 {[%emt 0:02:17]} c4 {[%emt 0:01:30]} 26. Ra2 {[%emt 0:01:38]} Rcb8 {[%emt 0:02:36]} 27. Rc2 {[%emt 0:01:50]} b5 {[%emt 0:00:39]} 28. axb5 {[%emt 0:00:11]} Rxb5 {[%emt 0:00:17]} 29. Nf3 {[%emt 0:00:58]} Ke7 {[%emt 0:01:08]} 30. Ne5 {[%emt 0:00:41]} Nxe5 {[%emt 0:00:07]} 31. fxe5 {[%emt 0:00:26]} R8b7 {[%emt 0:02:38]} 32. g5 {[%emt 0:00:49]} Kd7 {[%emt 0:02:50]} 33. Kf3 {[%emt 0:01:41]} Kc6 {[%emt 0:04:45]} 34. Ra6+ {[%emt 0:00:12]} Kc7 {[%emt 0:00:39]} 35. Ra2 {[%emt 0:00:06]} Kb6 {[%emt 0:00:19]} 36. Rc1 {[%emt 0:01:20]} Kc7 {[%emt 0:01:34]} 37. Rc2 {[%emt 0:00:05]} 1/2-1/2

[Event "WYCC 2018 O14"]
[Site "Halkidiki"]
[Date "2018.10.20"]
[Round "1"]
[White "Vujovic, Savo"]
[Black "Van Dael, Siem"]
[Result "0-1"]
[WhiteElo "1781"]
[BlackElo "2202"]
[Annotator "NA"]
[PlyCount "104"]
[EventDate "2018.10.20"]
[EventType "swiss"]
[EventCountry "GRE"]
[SourceTitle "playchess.com"]
[Source "ChessBase"]
[SourceQuality "1"]
[TimeControl "40/5400+30:1800+30"]

1. e4 c5 2. Nf3 {[%emt 0:00:11]} d6 {[%emt 0:00:07]} 3. d4 {[%emt 0:00:04]} cxd4 {[%emt 0:00:04]} 4. Qxd4 {[%emt 0:00:07]} Nc6 {[%emt 0:00:05]} 5. Bb5 {[%emt 0:00:05]} Bd7 {[%emt 0:00:17]} 6. Bxc6 {[%emt 0:00:15]} Bxc6 {[%emt 0:00:27]} 7. Nc3 {[%emt 0:00:26]} Nf6 {[%emt 0:04:44]} 8. Bg5 {[%emt 0:00:53]} e6 {[%emt 0:00:33]} 9. O-O-O {[%emt 0:00:32]} Be7 {[%emt 0:01:10]} 10. Kb1 {[%emt 0:00:32]} O-O {[%emt 0:03:09]} 11. Rhe1 {[%emt 0:01:49]} Qa5 {[%emt 0:11:25]} 12. Qd2 {[%emt 0:01:30]} Qb6 {[%emt 0:07:18]} 13. Nd4 {[%emt 0:00:27] B53: Sicilian: 2...d6: Lines with Qxd4} Rac8 {[%emt 0:10:04]} 14. f3 {[%emt 0:04:39]} Bd7 {[%emt 0:06:57]} 15. Nb3 {[%emt 0:08:18]} Bc6 {[%emt 0:09:22]} 16. Nd4 {[%emt 0:02:12]} Rfd8 {[%emt 0:03:18]} 17. g4 {[%emt 0:01:00]} Be8 {[%emt 0:05:25]} 18. Nd5 {[%emt 0:01:39] [#]} exd5 $146 {[%emt 0:12:08]} ({Predecessor:} 18... Nxd5 19. exd5 Bxg5 20. Qxg5 Qc5 21. Qc1 e5 22. Nf5 Rd7 {½-½ (31) Cao,S (2548)-Acs,P (2522) Hungary 2007}) 19. Nf5 {[%emt 0:00:05]} Qc7 {[%emt 0:06:39]} 20. Bh6 {[%emt 0:00:55]} Bf8 {[%emt 0:07:19]} 21. Bxg7 {[%emt 0:00:11]} Bxg7 {[%emt 0:00:13]} 22. Qg5 {[%emt 0:00:06]} Nh5 {[%emt 0:00:06]} 23. c3 {[%emt 0:01:22]} f6 {[%emt 0:03:06]} 24. Qd2 {[%emt 0:00:11]} Bg6 {[%emt 0:04:09]} 25. Qxd5+ $19 {[%emt 0:01:55]} (25. gxh5 {might work better.} Bxh5 26. Rg1) 25... Bf7 {[%emt 0:02:14]} 26. Qd2 {[%emt 0:00:15]} d5 {[%emt 0:01:14]} 27. gxh5 {[%emt 0:00:50]} dxe4 {[%emt 0:00:14]} 28. Qg2 {[%emt 0:00:14]} Bxa2+ {[%emt 0:01:02]} 29. Kxa2 {[%emt 0:04:20]} Qa5+ {[%emt 0:00:05]} 30. Kb3 {[%emt 0:00:15]} Qb5+ {[%emt 0:00:47]} 31. Ka3 {[%emt 0:00:28]} Qa5+ {[%emt 0:01:05]} 32. Kb3 {[%emt 0:00:07]} Qb5+ {[%emt 0:00:30]} 33. Ka3 {[%emt 0:00:04]} Qc5+ {[%emt 0:00:04]} 34. Kb3 {[%emt 0:00:51]} Qc4+ {[%emt 0:00:55]} 35. Ka3 {[%emt 0:00:10]} Qa6+ {[%emt 0:00:07]} 36. Kb3 {[%emt 0:00:06]} Qc4+ {[%emt 0:00:25]} 37. Ka3 {[%emt 0:00:04]} Qa6+ {[%emt 0:00:04]} 38. Kb3 {[%emt 0:00:03]} Qe6+ {[%emt 0:00:03]} 39. Ka3 {[%emt 0:00:13]} Qxf5 {[%emt 0:00:25]} 40. h6 {[%emt 0:00:12]} Qa5+ {[%emt 0:01:26]} 41. Kb3 {[%emt 0:00:04]} Qb5+ {[%emt 0:00:10]} 42. Ka3 {[%emt 0:00:44]} Qg5 {[%emt 0:01:59]} 43. Qxg5 {[%emt 0:01:45]} fxg5 {[%emt 0:00:05]} 44. hxg7 {[%emt 0:00:29]} exf3 {[%emt 0:00:07]} 45. Ra1 {[%emt 0:01:26]} Rc7 {[%emt 0:01:07]} 46. Rf1 {[%emt 0:01:06]} Rf7 {[%emt 0:00:10]} 47. Kb3 {[%emt 0:00:05]} b6 {[%emt 0:00:15]} 48. Ra4 {[%emt 0:01:00]} Kxg7 {[%emt 0:00:29]} 49. Rg4 {[%emt 0:00:55]} Kg6 {[%emt 0:00:14]} 50. h4 {[%emt 0:00:17]} h6 {[%emt 0:00:06]} 51. hxg5 {[%emt 0:00:06]} hxg5 {[%emt 0:00:04]} 52. Rg3 {[%emt 0:00:32]} Rdf8 {[%emt 0:00:59]} 0-1

[Event "WYCC 2018 O14"]
[Site "Halkidiki"]
[Date "2018.10.21"]
[Round "2"]
[White "Bjerre, Jonas Buhl"]
[Black "Radojicic, Aleksandar M"]
[Result "1-0"]
[WhiteElo "2438"]
[BlackElo "1814"]
[Annotator "TA"]
[PlyCount "67"]
[EventDate "2018.10.20"]
[EventType "swiss"]
[EventCountry "GRE"]
[SourceTitle "playchess.com"]
[Source "ChessBase"]
[SourceQuality "1"]

{[%evp 20,67,54,69,63,53,128,79,107,71,77,66,178,169,175,111,131,105,141,153,160,187,168,144,151,150,147,147,144,156,164,150,381,369,527,523,519,493,487,492,476,438,393,195,170,76,1091,1091,29998,29999]} 1. e4 c5 2. Nf3 a6 3. c4 Nc6 4. d4 cxd4 5. Nxd4 e5 6. Nf5 d5 {B28: Sicilian: 2 Nf3 a6 (O'Kelly Variation)} (6... d6 7. Nc3 g6 8. Ne3 Bh6 9. g3 Nf6 10. Bg2 O-O 11. O-O b5 12. f4 exf4 13. gxf4 Bb7 14. e5 dxe5 15. fxe5 {1-0 (40) Salem,A (2638)-Rapport,R (2694) Geneva 2017 CBM 180 [Fier,A]}) 7. cxd5 Bxf5 8. exf5 Nd4 9. Nc3 Ne7 10. Bd3 Nexf5 11. O-O {LiveBook: 4 Games} Bc5 $146 ({Predecessor:} 11... Bd6 12. f4 exf4 13. Bxf4 g6 14. Bxd6 Qxd6 15. g4 Qb6 16. gxf5 Nc2+ 17. Kh1 Nxa1 18. Qe2+ Kf8 19. Qe5 Kg8 20. Ne4 {1-0 (20) Heimann,A (2552)-Filipovic,B (2369) Basel 2016}) 12. Re1 Qe7 (12... Bd6 $14) 13. Qa4+ Kf8 14. Ne4 b5 15. Qd1 Bb6 ({Better is} 15... Bb4 $14) 16. a4 $1 $18 Rd8 17. axb5 axb5 18. Bd2 Rxd5 19. Ra6 Bd8 20. Nc3 $1 {[%cal Be4c3,Bc3d5,Bd5f4,Bf4h5][%mdl 32]} Rd6 21. Rxd6 Nxd6 22. Nd5 Qe6 {[#]} 23. Nf4 $1 $36 {[%cal Rf4e6][%mdl 3584] White has strong compensation. Black is under strong pressure.} Qf6 {[#]} (23... exf4 24. Rxe6) 24. Nh5 $1 {[%cal Rh5f6]} Qe6 25. Bb4 {Threatens to win with Nf4!} Be7 $2 {[#]} (25... g6 $16 {keeps fighting.}) 26. Nf4 $1 {[%mdl 512]} Qh6 (26... Qb3 $142) (26... exf4 27. Rxe6) 27. Nd5 Qe6 28. Nxe7 Kxe7 {[#]} 29. f4 $1 {[%mdl 512]} f6 (29... exf4 30. Rxe6+) 30. fxe5 fxe5 31. Qc1 (31. Qh5 $142 Nc6 32. Bxb5 Nxb4 33. Rxe5 Nxb5 34. Qg5+ Kf7 35. Rxe6 Kxe6 36. Qxg7) 31... Kd7 32. Qc5 (32. Qg5 $18 Re8 33. Qxg7+ Re7 34. Qg3) 32... Re8 $2 {[%mdl 8192]} (32... Rc8 $16 33. Qxe5 Qxe5 34. Rxe5 Nc6 35. Bxd6 Kxd6 36. Rxb5 g6) 33. Qa7+ Kd8 34. Ba5+ {Precision: White = 70%, Black = 31%.} 1-0

[Event "WYCC 2018 O14"]
[Site "Halkidiki"]
[Date "2018.10.21"]
[Round "2"]
[White "Raja Rithvik R"]
[Black "Krallis, Christos"]
[Result "1/2-1/2"]
[WhiteElo "2421"]
[BlackElo "2139"]
[Annotator "TA"]
[PlyCount "77"]
[EventDate "2018.10.20"]
[EventType "swiss"]
[EventCountry "GRE"]
[SourceTitle "playchess.com"]
[Source "ChessBase"]
[SourceQuality "1"]

{[%evp 16,77,11,1,35,14,35,18,33,40,23,17,51,54,54,53,51,51,57,60,59,66,55,54,47,62,62,52,59,49,128,115,104,102,164,161,160,133,139,97,100,82,57,0,2,0,0,0,0,0,0,0,0,0,0,0,0,0,0,0,0,0,0,0]} 1. d4 Nf6 2. c4 e6 3. g3 c5 4. Nf3 cxd4 5. Nxd4 d5 6. Bg2 e5 7. Nf3 d4 8. O-O Nc6 9. e3 Bg4 {[#] ...e4 is the strong threat. E01: Catalan: Early deviations} (9... Be7 {seems wilder.} 10. exd4 exd4 11. a3 a5 12. Bf4 O-O) (9... Be7 10. exd4 exd4 11. Bf4 Be6 12. Nbd2 O-O 13. Ne5 Qb6 14. Qb3 Rac8 15. Qxb6 axb6 16. Rac1 Rfd8 17. Rfe1 Nd7 18. Nxd7 Rxd7 19. Bd5 {1-0 (78) Lenderman,A (2630)-Vidit,S (2711) chess.com INT 2018}) 10. exd4 Nxd4 (10... e4 {looks sharper.} 11. Qe1 Bb4 12. Bd2 Bxf3 13. Bxf3 Nxd4 14. Bxe4 Bxd2 15. Nxd2 O-O) 11. Be3 {[%cal Re3d4]} Nxf3+ $146 ({Predecessor:} 11... Bc5 12. Bxd4 Bxd4 13. Qa4+ b5 14. Qc2 Bxf3 15. Bxf3 {1-0 (56) Stremavicius,T (1832)-Setkauskas,V (2221) Nemencine 2010}) 12. Bxf3 Qxd1 13. Bxd1 Bxd1 14. Rxd1 Rc8 15. b3 a6 16. Nc3 Be7 17. Nd5 Nxd5 18. Rxd5 ({Much worse is} 18. cxd5 Kd7 $11) 18... f6 19. Rad1 Rd8 20. Bb6 Rxd5 21. Rxd5 $14 {[%mdl 4096] Endgame KRB-KRB} Rf8 22. c5 e4 (22... Rf7 $1 $14) 23. b4 f5 {[#]} 24. a4 $1 Rf6 (24... Bf6 $16 {might work better.}) 25. b5 $18 axb5 26. axb5 g6 27. Rd2 {And now Ra2 would win.} Re6 28. Ra2 {Black must now prevent Ra8+.} Bf6 29. Ra8+ ({White should play} 29. Kf1 $14) 29... Kf7 $11 {The position is equal.} 30. Rb8 Re7 31. c6 bxc6 32. bxc6 Be5 33. Rc8 Ke6 34. c7 g5 35. Kf1 f4 36. Ke2 Bd6 37. Ba5 Be5 38. Bb6 Bd6 39. Ba5 {Precision: White = 80%, Black = 67%.} 1/2-1/2

[Event "WYCC 2018 O14"]
[Site "Halkidiki"]
[Date "2018.10.21"]
[Round "2"]
[White "Kacharava, Nikolozi"]
[Black "Munshi, Aditya"]
[Result "1-0"]
[WhiteElo "2373"]
[BlackElo "2133"]
[Annotator "TA"]
[PlyCount "71"]
[EventDate "2018.10.20"]
[EventType "swiss"]
[EventCountry "GRE"]
[SourceTitle "playchess.com"]
[Source "ChessBase"]
[SourceQuality "1"]

{[%evp 10,71,13,-12,13,-5,0,-8,8,0,8,-39,-1,-1,-1,-1,0,0,6,0,15,11,50,48,49,47,37,28,29,12,112,37,36,33,58,29,39,29,38,-249,-298,-424,-422,-882,-811,-719,-702,-29987,-29988,-29995,1011,843,834,752,797,195,168,147,29989,29990,29990,29991,29993,29994]} 1. e4 c6 2. Ne2 d5 3. e5 c5 4. d4 Nc6 5. c3 Bf5 6. Ng3 {LiveBook: 3 Games. B12: Caro-Kann: Advance Variation} (6. dxc5 Nxe5 7. Nd4 Bd7 8. Qh5 Nc6 9. Qxd5 e6 10. Qc4 Rc8 11. Be2 Ne5 12. Qb3 Bxc5 13. O-O Qb6 {0-1 (80) Mamedov,R (2709)-Esipenko,A (2564) Riadh 2017}) 6... Bg6 7. Bd3 e6 8. O-O {The position is equal.} Nge7 $146 ({Predecessor:} 8... Qb6 9. dxc5 Bxc5 10. b4 Be7 11. Be3 Qc7 12. f4 Nh6 13. Na3 O-O {½-½ (58) Farkas,R (2173)-Lorincz,I (2241) Hungary 2013}) 9. Na3 a6 10. Kh1 Bxd3 11. Qxd3 cxd4 12. cxd4 h5 13. Nc2 h4 14. Ne2 Nf5 15. Ne3 Qd7 16. Nxf5 exf5 17. Bd2 Be7 18. Nf4 g5 19. Ne2 O-O-O (19... Rh6 $11 {remains equal.}) 20. Rfb1 (20. b4 $16) 20... f6 {[%cal Bf7f6,Bf6e5,Be5e4][%mdl 32]} 21. b4 fxe5 22. a4 {b5 is the strong threat.} e4 23. Qb3 {Black must now prevent b5.} h3 24. b5 $2 {[%mdl 8192]} (24. g3 $1 $14 {was forced to keep a grip.}) 24... hxg2+ $19 25. Kxg2 (25. Kg1 {was the only chance.} Qc7 26. h3) 25... f4 $1 26. bxc6 (26. Nxf4 $142 gxf4 27. Bxf4 Qg4+ 28. Qg3) 26... Qg4+ $1 27. Kf1 {[%cal Bg2f1,Bf1e1,Be1d2,Bd2c3][%mdl 32]} b5 $1 28. Ng3 Rxh2 29. axb5 f3 $4 {[%mdl 8192]} (29... Rdh8 $1 {avoids the disaster.} 30. f3 Qxg3 31. Qe3 fxe3 32. Bxe3 Qxf3+ 33. Kg1 Rh1#) 30. Be3 $1 $18 (30. bxa6 $2 {is a self mate.} Rh1+ $1 {[%mdl 512]} 31. Nxh1 Qh3+ 32. Kg1 Qg2#) 30... Rdh8 31. Ke1 (31. bxa6 $2 {[#] gets mated.} Rh1+ $1 {[%mdl 512]} 32. Nxh1 Rxh1#) 31... Qxg3 32. fxg3 $2 $40 {[%mdl 128] White goes for the king.} (32. Qa4 Qg1+ 33. Kd2 Rxf2+ 34. Kc3 Rc2+ 35. Kxc2 Rh2+ 36. Bd2 Rxd2+ 37. Kxd2 Qf2+ 38. Kc3) 32... Rg2 {( -> ...Rh1+)} 33. Bf2 Rh1+ $2 {[%mdl 8192]} (33... Bb4+ $16 34. Qxb4 e3 35. Qf8+ (35. Kd1 exf2 36. Kc2 f1=Q+ 37. Kb3 Qd3+ 38. Qc3 Qxb5+ 39. Ka3 Rc2 $11) 35... Rxf8 36. Bxe3 Rh8) 34. Kd2 {White mates.} Rxf2+ 35. Kc3 Rhh2 36. Qxd5 {Precision: White = 36%, Black = 56%.} 1-0